000 02359nam a2200661 a 4500
001 76623
003 BD-RjUL
005 20211209082851.0
008 191226s1962 miu 001 0 eng d
035 _a(BD-RjUL)76847
040 _aEXW
_cEXW
_dm.c
_dm/c
_beng
041 _aeng
082 _a809.4
_bARL 1962
_219
090 _aPR4021
_b.S8 v.3
092 _aD0400382688
092 _a10181437
100 1 _aArnold, Matthew,
_d1822-1888.
_9236940
245 1 0 _aLectures and essays in criticism /
_cMatthew Arnold ; edited by R.H. Super, with the assistance of Sister Thomas Marion Hoctor.
260 _aAnn Arbor :
_bUniversity of Michigan Press,
_cc1962.
300 _avi, 578 p. ;
_c22 cm.
490 1 _aThe Complete Prose Works of Matthew Arnold ;
_v3
500 _aIncludes index.
650 0 _aCriticism.
_9236941
650 0 _aLiterature
_xHistory and criticism.
_9236942
700 1 _aHoctor, Thomas Marion,
_d1933-
_955424
700 1 _aSuper, R. H.
_q(Robert Henry),
_d1914-1996 .
_988277
942 _2ddc
_cBK
999 _c76623
_d76623